000 00871nam a2200181 i 4500
001 163445
003 ES-MaACL
005 20230906212736.0
008 050713s1870 po |||| | por d
100 1 _aRibeiro, Carlos.
_996751
245 1 0 _aBreve noticia ácerca da constituição physica e geologica da parte de Portugal comprehendida entre os valles do Tejo e do Douro /
_cpor Carlos Ribeiro.
260 _aLisboa :
_b[s.n.],
_c1870 (
_fTyp. da Academia)
300 _a18 p. ;
_c23 cm.
595 _aExtracto de: Jornal de sciencias mathematicas, physicas e naturaes, n. 7-8.
650 _aGeología-
_zPortugal.
_9167306
710 2 _aAcademia das Ciências de Lisboa.
_91159
852 _aES-MaACL
_jB-7964(3)
_z- Enc. hol., conservando cub. original
_z- Dedicatoria ms. del autor a Federico de Botella y de Hornos
_z- Legado de Federico de Botella y Hornos
999 _c163445
_d163445